00285nam a2200121Ia 4500008004100000041000900041082001800050100002400068245001800092260003700110300000800147650000800155230718s9999 xx 000 0 und d aEng. a347.07bHUS-O aHussauan Mawo Galom 0aof Pleachings aPakistanblaw book brothesc2005 a105 aLaw